The disorder of man in the church of god
Elmentve itt :
| Szerző: | |
|---|---|
| Dokumentumtípus: | Cikk |
| Megjelent: |
1947
|
| Sorozat: | Kolligátum
|
| Kulcsszavak: | Teológia |
| Online Access: | http://misc.bibl.u-szeged.hu/22571 |
| LEADER | 00532nab a2200169 i 4500 | ||
|---|---|---|---|
| 001 | misc22571 | ||
| 005 | 20191111110417.0 | ||
| 008 | 170904s1947 hu o 0|| zxx d | ||
| 040 | |a SZTE Miscellanea Repozitórium |b hun | ||
| 041 | |a zxx | ||
| 100 | 1 | |a Niebuhr H. Richard | |
| 245 | 1 | 4 | |a The disorder of man in the church of god |h [elektronikus dokumentum] / |c Niebuhr H. Richard |
| 260 | |c 1947 | ||
| 300 | |a 1-8 | ||
| 490 | 0 | |a Kolligátum | |
| 695 | |a Teológia | ||
| 856 | 4 | 0 | |u http://misc.bibl.u-szeged.hu/22571/1/14359_001-008.pdf |z Dokumentum-elérés |